عرض عادي عرض مارك
  • Public health

مدخل مصطلح موضوعي

عدد التسجيلات المستخدمة في: 1

001 - رقم الضبط

  • حقل الضبط: 19159

003 - معرف رقم الضبط

  • حقل الضبط: OSt

005 - تاريخ ووقت أخر عملية

  • حقل الضبط: 20121229170401.0

008 - عناصر بيانات ثابتة الطول

  • حقل تحكم ثابت الطول: 121229|||a|||||| | ||| d

040 ## - مصدر الفهرسة

  • هيئة الفهرسة الأصلية: OSt
  • وكالة الكتابة: OSt

150 ## - مدخل-- مصطلح تاريخي

  • عنصر مدخل المصطلح الموضوعي او الاسم الجغرافي: Public health
  • تفريع عام: Research
  • تفريع عام: Methodology.

670 ## - بيانات المصدر موجوده

  • الاستشهاد بالمصدر: Work cat.: (OSt)0: Thomas, David R. (David Robert), 1943- 19157, Designing and managing your research project :, 2010.